LEADER 00819cam0-22003011i-450- 001 990002016850403321 005 20100601121351.0 035 $a000201685 035 $aFED01000201685 035 $a(Aleph)000201685FED01 035 $a000201685 100 $a20030910d1943----km-y0itay50------ba 101 0 $afre 102 $aFR 200 1 $aPsocoptères$fpar André Badonnel 210 $aParis$cP. Lechevalier et Fils$d1943 215 $a164 p.$cill.$d26 cm 225 1 $aFaune de France$v42 610 0 $aPsocotteri 700 1$aBadonnel,$bAndré$f<1898-1991>$0360117 801 0$aIT$bUNINA$gREICAT$2UNIMARC 901 $aBK 912 $a990002016850403321 952 $a61 V E.6/03.42$b1795$fDAGEN 952 $a61 IV D.7/01$b1182$fDAGEN 959 $aDAGEN 996 $aPsocoptères$9405694 997 $aUNINA